Ça commence ou ça finit "mal" ? - Statistiques

Statistiques générales
  • Ce quiz a été pris 801 fois
  • Le résultat moyen est 12 sur 15
Statistiques - réponses
Hint Explanation Réponse % Correct
Us Malus : Majoration d'une prime d'assurance automobile en fonction du nombre d'accidents causés par l'assuré

Mal-

93%
Déci Décimal : Qui est basé sur une division par dix

-mal

93%
Venu Malvenu : Tomber mal, être inopportun

Mal-

92%
Otru Malotru : Personne de manières grossières

Mal-

90%
Herbe Malherbe : Plante de rocaille à fleurs violettes

Mal-

88%
Aga Malaga : Vin liquoreux de la région de Málaga en Espagne

Mal-

87%
Ano Anomal : Qui s'écarte de la règle; qui relève de l'anomalie

-mal

84%
Pri Primal : Relatif au premier âge d'une personne, entre sa naissance et ses tout premiers souvenirs

-mal

81%
Extré Extrémal : Qui atteint une valeur extrême

-mal

79%
Ware Malware : Logiciel malveillant

Mal-

77%
Sis Sismal : Synonyme de sismique, relatif aux tremblements de terre

-mal

73%
Baptis Baptismal : Qui a rapport au baptême

-mal

68%
Nutri Malnutri : Personne qui souffre de malnutrition

Mal-

66%
Hie Hiemal : Relatif à l'hiver

-mal

50%
Tôte Maltôte : Impôt extraordinaire levé par les rois de France

Mal-

43%
Aucun quiz correspondant
Distribution des résultats
% des personnes avec chaque résultat
Percentile par nombre de réponses
Votre historique - résultats
Vous n’avez pas pris ce quiz